コンテンツを見る
Inicio
Centros participantes
Catálogo
Servicios
Contacto
ログイン
English
Deutsch
Español
Français
Italiano
日本語
Nederlands
Português
Português (Brasil)
中文(简体)
中文(繁體)
Türkçe
עברית
Gaeilge
Cymraeg
Ελληνικά
Català
Euskara
Русский
Čeština
Suomi
Svenska
polski
Dansk
slovenščina
اللغة العربية
বাংলা
Galego
Tiếng Việt
Hrvatski
हिंदी
Հայերէն
Українська
Sámegiella
言語
全フィールド
タイトル
著者
主題
請求記号
ISBN/ISSN
タグ
検索
詳細検索
El Arbol de la vida: la cascar...
この資料を引用
この資料をメール
印刷
エクスポート
エクスポート先: RefWorks
エクスポート先: EndNoteWeb
エクスポート先: EndNote
お気に入りに追加
パーマネントリンク
最初の評価を行う
El Arbol de la vida: la cascarilla en los Andes ecuatorianos en el siglo XVIII
保存先:
書誌詳細
第一著者:
Moya, Luz del Alba
フォーマット:
テキスト
出版事項:
Quito:
FLACSO
タグ:
タグ追加
タグなし, このレコードへの初めてのタグを付けませんか!
所蔵
その他の書誌記述
コメント
類似資料
MARC表示
MARC
LEADER
00000 a a2200000 04500
001
23597
003
040
|a
CRAI/IIS
|c
CRAI/IIS
020
|a
9978-67-030-0
090
|a
162200
100
|a
Moya, Luz del Alba
245
|a
El Arbol de la vida: la cascarilla en los Andes ecuatorianos en el siglo XVIII
260
|a
Quito:
|b
FLACSO
300
|a
251 p
|b
**no definido**
999
|c
5967
|d
5967
類似資料
Crecimiento estéril o desarrollo: bases para la construcción de un nuevo proyecto económico en El Salvador /
著者:: Rubio Fabián, Roberto Enrique
La Metodología leninista en la investigación del imperialismo
著者:: Rudenko, Georgi
Tenencia de la tierra y desarrollo rural en Centroamérica /
Las Elecciones presidenciales de el Ecuador /
著者:: Larrea Maldonado, Carlos
Competitividad y política industrial: el caso de Costa Rica
著者:: Vargas, Leiner